LIBRARY & INFORMATION CENTRE, KCAET, TAVANUR

ONLINE PUBLIC ACCESS CATALOGUE (OPAC)

Textbook of Basic Mathematics (Record no. 15609)

MARC details
000 -LEADER
fixed length control field 00353nam a22001457a 4500
003 - CONTROL NUMBER IDENTIFIER
control field OSt
008 - FIXED-LENGTH DATA ELEMENTS--GENERAL INFORMATION
fixed length control field 190520b ||||| |||| 00| 0 eng d
020 ## - INTERNATIONAL STANDARD BOOK NUMBER
ISBN 9789351246411
082 ## - DEWEY DECIMAL CLASSIFICATION NUMBER
Classification number 510
Item number SHE/TE
245 ## - TITLE STATEMENT
Title Textbook of Basic Mathematics
250 ## - EDITION STATEMENT
Edition statement Sheel, S K.
260 ## - PUBLICATION, DISTRIBUTION, ETC. (IMPRINT)
Place of publication New Delhi
Name of publisher Daya Publishing House
Year of publication 2015
300 ## - PHYSICAL DESCRIPTION
Number of Pages 346 p.
942 ## - ADDED ENTRY ELEMENTS (KOHA)
Koha item type Books
Holdings
Withdrawn status Lost status Damaged status Collection code Home library Current library Shelving location Date acquired Cost, normal purchase price Full call number Accession Number Koha item type
      Non-fiction KAUAET KAUAET General Stacks 20/05/2019 1995.00 510 SHE/TE 25841 Books
free website counter